| Tag |
First Indicator |
Second Indicator |
Subfields |
| LEADER |
00000cam a2200000 i 4500 |
| 001 |
in00003537366 |
| 005 |
20151105211919.0 |
| 008 |
140720t20142014scua b 001 0 eng c |
| 020 |
|
|
|a 9781626197121 (pbk.)
|
| 020 |
|
|
|a 1626197121 (pbk.)
|
| 035 |
|
|
|a (OCoLC)ocn884315996
|
| 035 |
|
|
|a (OCoLC)884315996
|
| 040 |
|
|
|a BTCTA
|b eng
|e rda
|c BTCTA
|d BDX
|d DAD
|d OCLCF
|d YDXCP
|d UtOrBLW
|
| 042 |
|
|
|a pcc
|
| 049 |
|
|
|a TXAM
|
| 082 |
0 |
4 |
|a 796.9309788
|2 23
|
| 100 |
1 |
|
|a Boddie, Caryn,
|e author.
|
| 245 |
1 |
0 |
|a Lost ski areas of Colorado's front range and northern mountains /
|c Caryn & Peter Boddie.
|
| 264 |
|
1 |
|a Charleston, SC :
|b The History Press,
|c 2014.
|
| 264 |
|
4 |
|c ©2014
|
| 300 |
|
|
|a 185 pages :
|b illustrations (some color) ;
|c 23 cm
|
| 336 |
|
|
|a text
|b txt
|2 rdacontent
|
| 336 |
|
|
|a still image
|b sti
|2 rdacontent
|
| 337 |
|
|
|a unmediated
|b n
|2 rdamedia
|
| 338 |
|
|
|a volume
|b nc
|2 rdacarrier
|
| 505 |
0 |
|
|a Grand County: recreational skiing takes a leap -- Denver County: one hill on the west side -- Routt County: Steamboat winter carnivals get rolling -- Jackson County: ranchers and rope tows -- Moffat County: stepping up for the kids -- Jefferson County: glory days and mom-and-pop areas -- Douglas County: getting in on the craze -- Teller County: hard work plus snow equals fun -- El Paso County: European skiing in Colorado -- Larimer County: good times and community skiing -- Gilpin County: dreamers making it happen -- Boulder County: Chautauqua, clubs and competitions -- Weld County: a shark with sunglasses -- Park County: mail carriers and mercury -- Clear Creek County: roads less traveled and family areas.
|
| 520 |
|
|
|a Explore the history of the lost and forgotten ski areas of Colorado.
|
| 504 |
|
|
|a Includes bibliographical references (pages 173-178) and index.
|
| 650 |
|
0 |
|a Ski resorts
|z Colorado
|x History.
|
| 650 |
|
0 |
|a Skis and skiing
|z Colorado
|x History.
|
| 651 |
|
0 |
|a Colorado
|x History.
|
| 655 |
|
7 |
|a History.
|2 fast
|0 (OCoLC)fst01411628
|
| 650 |
|
7 |
|a Ski resorts.
|2 fast
|0 (OCoLC)fst01119971
|
| 650 |
|
7 |
|a Skis and skiing.
|2 fast
|0 (OCoLC)fst01120169
|
| 651 |
|
7 |
|a Colorado.
|2 fast
|0 (OCoLC)fst01210251
|
| 700 |
1 |
|
|a Boddie, Peter,
|e author.
|
| 938 |
|
|
|a Baker and Taylor
|b BTCP
|n BK0015324734
|
| 938 |
|
|
|a Brodart
|b BROD
|n 109936108
|
| 938 |
|
|
|a YBP Library Services
|b YANK
|n 11996064
|
| 947 |
|
|
|a A14842989569
|
| 945 |
|
|
|a PromptCat
|b 218373
|
| 946 |
|
|
|a stk
|
| 994 |
|
|
|a 92
|b TXA
|
| 999 |
|
|
|a MARS
|
| 999 |
f |
f |
|s a5f2c5fe-9e44-3d5f-ac35-a04275b20d7d
|i 5996ad6c-ba74-3c12-9267-d938fe417a8c
|t 0
|
| 952 |
f |
f |
|p normal
|a Texas A&M University
|b College Station
|c Sterling C. Evans Library
|d Evans: Library Stacks
|t 0
|e GV854.5.C6 B63 2014
|h Library of Congress classification
|i unmediated -- volume
|m A14842989569
|
| 998 |
f |
f |
|a GV854.5.C6 B63 2014
|t 0
|l Evans: Library Stacks
|